Vplyv času žiarového lisovania na vlastnosti keramického kompozitu Si3N4-SiC

Guardado en:
Detalles Bibliográficos
Autor principal: Kopačka, Pavol (Autor)
Otros Autores: Gábrišová, Zuzana (Orientador)
Formato: Manuscrito Libro
Lenguaje:eslovaco
Publicado: 2021
Materias:
Acceso en línea:http://is.stuba.sk/zp/portal_zp.pl?podrobnosti=156026
Etiquetas: Agregar Etiqueta
Sin Etiquetas, Sea el primero en etiquetar este registro!

MARC

LEADER 00000ntm a22000003a 4500
001 stuzp85240
003 SK-STU
005 20210612213854.7
007 ta
008 150427s2015----xo-----f-mn---000-0-slo-d
040 |a STU  |b slo 
041 0 |a slo 
100 1 |a Kopačka, Pavol  |u 020050  |k Z4  |4 aut  |U SjF Strojnícka fakulta  |T SjF Ústav technológií a materiálov  |X 81399  |U J0050  |Y 803  |7 81399 
242 0 1 |a The effect of hot pressing time on the properties of ceramic composite Si3N4 -SiC  |y eng 
245 1 0 |a Vplyv času žiarového lisovania na vlastnosti keramického kompozitu Si3N4-SiC 
260 |c 2021 
650 4 |a relatívna hustota  |2 slo 
650 4 |a časticový keramický kompozit  |2 slo 
650 4 |a Si3N4  |2 slo 
650 4 |a SiC  |2 slo 
650 4 |a konštrukčná keramika  |2 slo 
650 4 |a žiarové lisovanie  |2 slo 
650 4 |a čas žiarového lisovania  |2 slo 
650 4 |a lomová húževnatosť  |2 slo 
650 4 |a tvrdosť  |2 slo 
650 4 |a oteruvzdornosť  |2 slo 
650 4 |a hot pressing  |2 eng 
650 4 |a time of hot pressing  |2 eng 
650 4 |a fracture toughness  |2 eng 
650 4 |a construction ceramics  |2 eng 
650 4 |a hardness  |2 eng 
650 4 |a wear resistance  |2 eng 
650 4 |a relative density  |2 eng 
650 4 |a particular ceramic composite  |2 eng 
650 4 |a Si3N4  |2 eng 
650 4 |a SiC  |2 eng 
700 1 |a Gábrišová, Zuzana  |u 020050  |k Z1  |4 ths  |U SjF Strojnícka fakulta  |T SjF Ústav technológií a materiálov  |X 2262  |U J0050  |Y 803  |7 A000002262 
856 4 |u http://is.stuba.sk/zp/portal_zp.pl?podrobnosti=156026 
996 |b 284J046659  |c J* 3339/DDP  |l JJSK  |s A  |a 24  |w stuzp85240_0001